000 00600nam a22001817a 4500
999 _c188650
_d188650
005 20220530154526.0
010 _aENG-132889
020 _a9789352808373
_c295.00
035 _aEN-116421
037 _bDBAD/PUB
082 _a954.0841
245 _aInquilab:
_bBhagat Singh on Religion and Revolution/
_cEdited by S Irfan Habib
260 _aNew Delhi
_bSage Publications Pvt Ltd
_c2018
270 _aB-1/I-1, Mohan Cooperative Industrial Area Mathura Road,
_bNew Delhi
_e110044
300 _axxi, 192p.
_c22cm(pbk)
700 _aHabib, S Irfan
942 _2ddc
_cEN
_h954.0841
_mINQ